| 000 | 00450nam a2200133Ia 4500 | ||
|---|---|---|---|
| 008 | 211109s9999||||xx |||||||||||||| ||und|| | ||
| 082 |
_a894.812 2 _bULA-A |
||
| 100 | _aUlahannan Mapilla, P V | ||
| 245 | 0 | _aARYAPUTRAN | |
| 260 |
_bUlahannan Mappila Research Centre _aChanganacherry _c1992 |
||
| 630 | _xGeneral stack | ||
| 650 |
_aLiterature & rhetoric _vLiteratures of other languages _xAltaic, Uralic, Hyperborean & DravidianMalayalam |
||
| 942 | _cBOOK | ||
| 999 |
_c53183 _d53183 |
||